| Поле | Название | Значение |
| |
Тип записи |
a |
| |
Библиографический уровень |
c |
| 001 |
Контрольный номер |
80616bafd5da463fbb5114229bec9f62 |
| 005 |
Дата корректировки |
20201206204439.3 |
| 010 |
Индекс ISBN |
__ |
| d |
Цена |
0-75 |
| 101 |
Язык документа |
__ |
| a |
Язык текста |
rus |
| c |
Язык оригинала |
rus |
| 200 |
Заглавие и сведения об ответственности |
1_ |
| a |
Заглавие |
Далекое и близкое |
| e |
Сведения, относящиеся к заглавию |
рассказы, сказки, воспоминания, ст. : в 4 т. |
| f |
Первые сведения об ответственности |
И. С. Соколов-Микитов |
| b |
Общее обозначение материала |
Текст |
| 210 |
Выходные данные |
__ |
| a |
Место издания |
М. |
| 210 |
Выходные данные |
__ |
| a |
Место издания |
Л. |
| c |
Издательство |
Худож. лит. |
| d |
Дата издания |
1966 |
| 215 |
Физическое описание |
__ |
| a |
Объем |
448 с. |
| 320 |
Библиография |
__ |
| a |
Библиография |
Алф. указ. : с. 572-577 |
| 327 |
Примечание о содержании |
__ |
| a |
Примечание о содержании |
По лесным тропам |
| 461 |
Уровень набора |
__ |
| 1 |
|
2001 |
| a |
|
Собрание сочинений |
| v |
|
Т. 4 |
| 606 |
Тематические рубрики |
__ |
| a |
Основная рубрика |
Художественная литература |
| z |
Хронологическая подрубрика |
20 в. |
| y |
Географическая подрубрика |
Россия; РФ |
| 606 |
Тематические рубрики |
__ |
| a |
Основная рубрика |
Русская литература XX в. (произведения) |
| 610 |
Ключевые слова |
__ |
| a |
Ключевые слова |
рассказы; проза; воспоминания; письма; статьи; сказки; тема природы; тема путешествий; тема деревни; тема Родины |
| 686 |
Индексы других классификаций |
__ |
| a |
Классификационный индекс |
84(2Рос=Рус)6-4 |
| 700 |
Автор |
_1 |
| a |
Фамилия |
Соколов-Микитов |
| b |
Имя |
И. С. |
| 4 |
Код отношения |
070 |
| 801 |
Источник записи |
_0 |
| a |
Страна |
RU |
| b |
Организация |
Муниципальное бюджетное учреждение культуры "Централизованная библиотечная система" г. Сургут (Центральная городская библиотека им. А. С. Пушкина) |
| g |
Правила каталогизации |
КиК/Елгина |
| 801 |
Источник записи |
_1 |
| a |
Страна |
RU |
| b |
Организация |
Муниципальное бюджетное учреждение культуры "Централизованная библиотечная система" г. Сургут (Центральная городская библиотека им. А. С. Пушкина) |
| g |
Правила каталогизации |
КиК/Елгина |
| 852 |
Данные о местонахождении |
__ |
| j |
Шифр хранения |
84(2Рос=Рус)6-4 |
| c |
Каталожный индекс |
84(2Рос=Рус)6-4 |
| i |
Авторский знак |
С 59 |
| p |
Инвентарный номер |
29811(c) |
| 901 |
Тип документа |
__ |
| t |
Тип документа |
x |
| 903 |
Характеристики (МАРС) |
__ |
| a |
Дата передачи |
20061130 |
| 969 |
Тип издания |
__ |
| a |
Тип издания |
сборник |
| 990 |
Данные о заказе (DOS) |
__ |
| j |
Количество экземпляров (DOS) |
1 |